[Event "TUR-chT 2nd League"]
[Site "Denizli"]
[Date "2023.07.13"]
[Round "7.162"]
[White "Arslan, Erdal"]
[Black "Tahaoglu, Erkin"]
[Result "1/2-1/2"]
[WhiteElo "1909"]
[BlackElo "1777"]
[PlyCount "148"]
[EventDate "2023.07.09"]
[EventType "team-swiss"]
[EventRounds "9"]
[EventCountry "TUR"]
[SourceTitle "CBM 215 Extra"]
[Source "ChessBase"]
[SourceDate "2023.09.30"]
[SourceVersion "1"]
[SourceVersionDate "2023.09.30"]
[SourceQuality "1"]
[WhiteTeam "Mersin Altin Piyon"]
[BlackTeam "Marmara Universitesi"]
[WhiteTeamCountry "TUR"]
[BlackTeamCountry "TUR"]

1. d4 Nf6 2. c4 e6 3. Nc3 Bb4 4. Qc2 0-0 5. e3 d6 6. Nge2 b6 7. a3 Bxc3+ 8. Nxc3 Bb7 9. f3 c5 10. dxc5 bxc5 11. Be2 Nc6 12. 0-0 a6 13. Rd1 Qc7 14. Bd2 Nd7 15. Ne4 f5 16. Ng5 Rae8 17. Bc3 h6 18. Nh3 e5 19. Bd3 e4 20. fxe4 Nce5 21. Nf4 g5 22. Nd5 Bxd5 23. exd5 Nxd3 24. Qxd3 Ne5 25. Bxe5 Rxe5 26. Rf1 Qe7 27. Rae1 Re4 28. Qc3 Qg7 29. Qc2 Qe5 30. b4 cxb4 31. axb4 Rc8 32. c5 dxc5 33. Rd1 c4 34. d6 Rd8 35. d7 Qe6 36. Qa4 Rxe3 37. b5 axb5 38. Qxb5 f4 39. Qb7 Rb3 40. Qd5 Qxd5 41. Rxd5 Rb7 42. Rc1 Rbxd7 43. Rxd7 Rxd7 44. Rxc4 Kg7 45. Rc6 Rf7 46. Kf2 Rf6 47. Rc8 Kg6 48. Kf3 Ra6 49. Rc3 Ra1 50. Rc6+ Kh5 51. g4+ fxg3 52. Kxg3 Rg1+ 53. Kf2 Ra1 54. Kg3 Ra3+ 55. Kg2 g4 56. Rb6 Kg5 57. Rb8 Kh4 58. Rb2 h5 59. Rc2 Ra5 60. Rb2 Kg5 61. Rc2 h4 62. Rb2 Ra4 63. Rc2 Kf4 64. Rf2+ Ke4 65. Rb2 Rd4 66. Re2+ Kf4 67. Kf2 Rd3 68. Ra2 Rf3+ 69. Kg1 g3 70. Ra4+ Kg5 71. hxg3 hxg3 72. Kg2 Rf4 73. Ra3 Re4 74. Kxg3 Re5 1/2-1/2

[Event "TUR-chT 2nd League"]
[Site "Denizli"]
[Date "2023.07.12"]
[Round "6.133"]
[White "Arslan, Erdal"]
[Black "Boz, Fatih Emre"]
[Result "0-1"]
[WhiteElo "1909"]
[BlackElo "1778"]
[PlyCount "81"]
[EventDate "2023.07.09"]
[EventType "team-swiss"]
[EventRounds "9"]
[EventCountry "TUR"]
[SourceTitle "CBM 215 Extra"]
[Source "ChessBase"]
[SourceDate "2023.09.30"]
[SourceVersion "1"]
[SourceVersionDate "2023.09.30"]
[SourceQuality "1"]
[WhiteTeam "Mersin Altin Piyon"]
[BlackTeam "Denizli Ihtisas"]
[WhiteTeamCountry "TUR"]
[BlackTeamCountry "TUR"]

1. d4 Nf6 2. Nf3 b6 3. g3 Bb7 4. Bg2 e6 5. a3 c5 6. dxc5 Bxc5 7. 0-0 0-0 8. b4 Be7 9. c4 d5 10. Ne5 Nbd7 11. Bb2 Nxe5 12. Bxe5 Qc8 13. Nd2 dxc4 14. Bxb7 Qxb7 15. Nxc4 Rfd8 16. Qb3 Rd5 17. Rac1 Rad8 18. Bf4 g5 19. Be3 Ng4 20. h3 Nxe3 21. Nxe3 Rd2 22. Rfe1 Bf6 23. Red1 h5 24. Rxd2 Rxd2 25. Qc4 Kg7 26. a4 Rd4 27. Qb3 Qe4 28. Rc4 h4 29. gxh4 gxh4 30. Rxd4 Bxd4 31. Qc4 Qb1+ 32. Nf1 Qg6+ 33. Kh2 Bxf2 34. Qg4 Qxg4 35. hxg4 Kg6 36. b5 Kg5 37. Kg2 Bc5 38. Kh3 Be7 39. Nd2 Kf4 40. Nf3 Ke3 41. Ne5 0-1

[Event "TUR-chT 2nd League"]
[Site "Konya"]
[Date "2022.08.26"]
[Round "7.11"]
[White "Arslan, Erdal"]
[Black "Sungu, Yagiz Kaan"]
[Result "1-0"]
[WhiteElo "1960"]
[BlackElo "1679"]
[PlyCount "87"]
[EventDate "2022.08.22"]
[EventType "team-swiss"]
[EventRounds "9"]
[EventCountry "TUR"]
[SourceTitle "CBM 210 Extra"]
[Source "ChessBase"]
[SourceDate "2022.11.30"]
[SourceVersion "1"]
[SourceVersionDate "2022.11.30"]
[SourceQuality "1"]
[WhiteTeam "Mersin Altin Piyon"]
[BlackTeam "Calli Spor"]
[WhiteTeamCountry "TUR"]
[BlackTeamCountry "TUR"]

1. Nf3 Nf6 2. g3 c5 3. Bg2 g6 4. 0-0 Bg7 5. c4 0-0 6. Nc3 d5 7. cxd5 Nxd5 8. Qb3 e6 9. d3 Nc6 10. Bg5 Qd7 11. Qc4 b6 12. Rac1 Bb7 13. Qh4 Nd4 14. Nxd4 Bxd4 15. Bh6 Bf6 16. Qh3 Nxc3 17. bxc3 Bxg2 18. Qxg2 Rfd8 19. c4 Qa4 20. Qf3 Bg7 21. Bg5 Rdc8 22. h4 h6 23. Be3 Qxa2 24. h5 g5 25. Rb1 Rab8 26. Rfe1 f5 27. Bxg5 hxg5 28. h6 Qa4 29. hxg7 Kxg7 30. Qh5 Rh8 31. Qxg5+ Kf7 32. e4 Rbg8 33. Qf4 Qc6 34. Kg2 Rg4 35. Qe5 Rhg8 36. Rh1 R8g7 37. Rh6 fxe4 38. Qf6+ Ke8 39. Rh8+ Rg8 40. Rh7 Qd6 41. Qf7+ Kd8 42. Qxa7 Rxg3+ 43. Kh1 Ke8 44. Qa4+ 1-0

[Event "TUR-chT 2nd League"]
[Site "Konya"]
[Date "2019.07.25"]
[Round "6.12"]
[White "Guller, Hasan"]
[Black "Arslan, Erdal"]
[Result "0-1"]
[WhiteElo "1944"]
[BlackElo "1964"]
[PlyCount "93"]
[EventDate "2019.07.22"]
[EventType "team-swiss"]
[EventRounds "9"]
[EventCountry "TUR"]
[SourceTitle "CBM 191 Extra"]
[Source "ChessBase"]
[SourceDate "2019.09.30"]
[SourceVersion "1"]
[SourceVersionDate "2019.09.30"]
[SourceQuality "1"]
[WhiteTeam "Mardin Kale"]
[BlackTeam "Ceylanpinar Genclik"]
[WhiteTeamCountry "TUR"]
[BlackTeamCountry "TUR"]

1. e4 d5 2. exd5 Nf6 3. Bb5+ Nbd7 4. c4 a6 5. Ba4 b5 6. cxb5 Nxd5 7. Nc3 Nb4 8. d4 axb5 9. Bb3 e6 10. Nf3 Be7 11. Bf4 0-0 12. 0-0 c6 13. Ne4 Nd5 14. Bg3 f5 15. Qc2 fxe4 16. Qxe4 N7f6 17. Qc2 Qb6 18. Rfe1 c5 19. dxc5 Bxc5 20. Rac1 Bb4 21. Re2 Bd7 22. Qb1 Rac8 23. Rd1 Bd6 24. Ne5 Bxe5 25. Bxe5 Rf7 26. h3 Qb7 27. Rd4 Nh5 28. g3 Bc6 29. Kh2 Qb6 30. Bc2 Nhf6 31. Rh4 Ng4+ 32. hxg4 Rxf2+ 33. Kh3 Rxe2 34. Bxh7+ Kf8 35. Bxg7+ Ke7 36. g5 Qf2 37. Bd4 Qg2+ 38. Kg4 Ne3+ 39. Kh5 Nf5 40. Bxf5 exf5 41. Qg1 Qf3+ 42. Kh6 Re6+ 43. Bf6+ Rxf6+ 44. gxf6+ Kf7 45. Qa7+ Bb7 46. Qd4 Rh8+ 47. Kg5 0-1

[Event "TUR-chT2"]
[Site "Konya"]
[Date "2018.07.15"]
[Round "9.3"]
[White "Demirbag, Alihan"]
[Black "Arslan, Erdal"]
[Result "1/2-1/2"]
[WhiteElo "2079"]
[BlackElo "1960"]
[PlyCount "71"]
[EventDate "2018.07.10"]
[EventType "team-swiss"]
[EventRounds "9"]
[EventCountry "TUR"]
[SourceTitle "EXT 2019"]
[Source "ChessBase"]
[SourceDate "2018.10.10"]
[SourceVersion "1"]
[SourceVersionDate "2018.10.10"]
[SourceQuality "1"]
[WhiteTeam "Izmir Apaydin Dernegi"]
[BlackTeam "Ceylanpinar Belediyesi"]
[WhiteTeamCountry "TUR"]
[BlackTeamCountry "TUR"]

1. Nf3 Nf6 2. g3 g6 3. b3 Bg7 4. Bb2 d6 5. Bg2 e5 6. d3 Nc6 7. 0-0 0-0 8. c4 Be6 9. Nc3 Qd7 10. Ng5 Bf5 11. e4 Bg4 12. f3 Be6 13. Nxe6 fxe6 14. f4 exf4 15. Rxf4 e5 16. Rf1 Rf7 17. Nd5 Raf8 18. Qe2 Nxd5 19. cxd5 Nd4 20. Bxd4 exd4 21. Rxf7 Rxf7 22. Rf1 Rxf1+ 23. Qxf1 Qf7 24. Bh3 Qxf1+ 25. Kxf1 Kf7 26. Be6+ Ke7 27. Ke2 Be5 28. Kf3 c5 29. Bc8 b6 30. a4 Kf6 31. Bd7 Ke7 32. Bh3 Kf6 33. Bc8 Ke7 34. Be6 Kf6 35. Bg8 Kg7 36. Be6 1/2-1/2

[Event "TUR-chT2"]
[Site "Konya"]
[Date "2018.07.14"]
[Round "8.2"]
[White "Arslan, Erdal"]
[Black "Ozturk, Emir"]
[Result "0-1"]
[WhiteElo "1960"]
[BlackElo "2178"]
[PlyCount "110"]
[EventDate "2018.07.10"]
[EventType "team-swiss"]
[EventRounds "9"]
[EventCountry "TUR"]
[SourceTitle "EXT 2019"]
[Source "ChessBase"]
[SourceDate "2018.10.10"]
[SourceVersion "1"]
[SourceVersionDate "2018.10.10"]
[SourceQuality "1"]
[WhiteTeam "Ceylanpinar Belediyesi"]
[BlackTeam "Adana Ceyhan Belediye"]
[WhiteTeamCountry "TUR"]
[BlackTeamCountry "TUR"]

1. e4 g6 2. d4 Bg7 3. Nc3 c6 4. Nf3 d6 5. h3 Nf6 6. Bd3 0-0 7. 0-0 Nbd7 8. Be3 e5 9. dxe5 dxe5 10. Qd2 Qe7 11. Bh6 Nc5 12. Bxg7 Kxg7 13. Rfe1 b5 14. a4 b4 15. Nd1 a5 16. Qg5 Re8 17. Ne3 h6 18. Qh4 g5 19. Nxg5 hxg5 20. Qxg5+ Kh8 21. Qh6+ Nh7 22. Qxc6 Bd7 23. Qh6 Rg8 24. Nd5 Qg5 25. Qxg5 Nxg5 26. Kf1 Rad8 27. f3 Be6 28. Bc4 f5 29. h4 fxe4 30. Ne3 Rd4 31. b3 Nf7 32. Bxe6 Nxe6 33. fxe4 Rxe4 34. Kf2 Nd4 35. g3 Nh6 36. Nc4 Reg4 37. Rxe5 Rxg3 38. Rg5 Rf3+ 39. Kg2 Rgf8 40. Ne5 Rf2+ 41. Kh1 Kh7 42. Rag1 Ndf5 43. Rd1 Nxh4 44. Rh5 Rf1+ 45. Rxf1 Rxf1+ 46. Kh2 N4f5 47. Nc4 Rc1 48. Nxa5 Kg6 49. Rh3 Rxc2+ 50. Kg1 Ng4 51. Kf1 Nge3+ 52. Ke1 Kg5 53. Rh8 Kg4 54. Nc4 Nxc4 55. bxc4 b3 0-1

[Event "TUR-chT2"]
[Site "Konya"]
[Date "2018.07.13"]
[Round "6.1"]
[White "Buyukasik, Diyap"]
[Black "Arslan, Erdal"]
[Result "1-0"]
[WhiteElo "2310"]
[BlackElo "1960"]
[PlyCount "133"]
[EventDate "2018.07.10"]
[EventType "team-swiss"]
[EventRounds "9"]
[EventCountry "TUR"]
[SourceTitle "EXT 2019"]
[Source "ChessBase"]
[SourceDate "2018.10.10"]
[SourceVersion "1"]
[SourceVersionDate "2018.10.10"]
[SourceQuality "1"]
[WhiteTeam "Beyazkale Dernegi"]
[BlackTeam "Ceylanpinar Belediyesi"]
[WhiteTeamCountry "TUR"]
[BlackTeamCountry "TUR"]

1. Nf3 Nf6 2. g3 g6 3. Bg2 Bg7 4. 0-0 0-0 5. c4 c5 6. Nc3 Nc6 7. d3 d6 8. a3 a6 9. Rb1 Rb8 10. b4 Ng4 11. Bd2 cxb4 12. axb4 b5 13. h3 Nge5 14. cxb5 axb5 15. Ne1 Nd4 16. e3 Nf5 17. Ne2 Nd7 18. Nc2 Ne5 19. e4 Nh6 20. Be3 f5 21. f4 Nef7 22. Ncd4 Bd7 23. Qb3 e5 24. Ne6 Bxe6 25. Qxe6 Qc8 26. Qb3 fxe4 27. dxe4 Kh8 28. Rbc1 Qd7 29. Nc3 Rbc8 30. Nd5 Rxc1 31. Rxc1 exf4 32. gxf4 Rc8 33. Qa2 Rxc1+ 34. Bxc1 Ng8 35. Bb2 Nd8 36. Bxg7+ Qxg7 37. Qa6 g5 38. Qxd6 Nf7 39. Qb8 gxf4 40. Qxf4 Ne5 41. Kh2 Ne7 42. Nxe7 Qxe7 43. Kh1 Kg7 44. Qg3+ Kf8 45. Qf2+ Kg7 46. Qd4 Qg5 47. Qc5 Qg3 48. Qxb5 Nd3 49. Qd7+ Kf8 50. Qd8+ Kf7 51. Qd7+ Kf8 52. Qf5+ Ke8 53. Qe6+ Kf8 54. Qf6+ Kg8 55. Qe6+ Kg7 56. Qd7+ Kg8 57. b5 Qe3 58. Qg4+ Kh8 59. Qc8+ Kg7 60. Qc7+ Kg6 61. b6 Nc5 62. Qd6+ Kh5 63. Qf6 Qc1+ 64. Kh2 Qg5 65. Bf3+ Kh4 66. e5 Qxf6 67. exf6 1-0

[Event "TUR-chT 1st League"]
[Site "Konya"]
[Date "2017.07.21"]
[Round "7.9"]
[White "Arslan, Erdal"]
[Black "Cernousek, Lukas"]
[Result "0-1"]
[WhiteElo "1964"]
[BlackElo "2453"]
[PlyCount "68"]
[EventDate "2017.07.17"]
[EventType "team-swiss"]
[EventRounds "9"]
[EventCountry "TUR"]
[SourceTitle "CBM 179 Extra"]
[Source "ChessBase"]
[SourceDate "2017.08.23"]
[SourceVersion "1"]
[SourceVersionDate "2017.08.23"]
[SourceQuality "1"]
[WhiteTeam "Hatay Samandag"]
[BlackTeam "Ordu Buyuksehir Belediye"]
[WhiteTeamCountry "TUR"]
[BlackTeamCountry "TUR"]

1. c4 e5 2. Nc3 Nf6 3. g3 d5 4. cxd5 Nxd5 5. Bg2 Nb6 6. Nf3 Nc6 7. d3 Be7 8. 0-0 0-0 9. Be3 Be6 10. Ne4 f5 11. Nc5 Bd5 12. Rc1 f4 13. Bd2 Bxc5 14. Rxc5 Qd6 15. Rc1 h6 16. a3 Rae8 17. Qc2 Rf7 18. b4 Bxf3 19. exf3 Nd4 20. Qd1 Nd5 21. Rc4 Ref8 22. a4 a6 23. g4 b5 24. axb5 axb5 25. Rc5 Ra8 26. Qb1 Ra3 27. Rd1 c6 28. Be1 Rfa7 29. Kh1 Rb3 30. Qc1 Ra2 31. Bf1 Nxb4 32. Bxb4 Rxb4 33. Re1 Rxf2 34. Rcxe5 Rxf1+ 0-1

[Event "TUR-chT 1st League"]
[Site "Konya"]
[Date "2017.07.20"]
[Round "5.11"]
[White "Kucumenler, Tarkan"]
[Black "Arslan, Erdal"]
[Result "0-1"]
[WhiteElo "2004"]
[BlackElo "1964"]
[PlyCount "78"]
[EventDate "2017.07.17"]
[EventType "team-swiss"]
[EventRounds "9"]
[EventCountry "TUR"]
[SourceTitle "CBM 179 Extra"]
[Source "ChessBase"]
[SourceDate "2017.08.23"]
[SourceVersion "1"]
[SourceVersionDate "2017.08.23"]
[SourceQuality "1"]
[WhiteTeam "Kocaeli Buyuksehir"]
[BlackTeam "Hatay Samandag"]
[WhiteTeamCountry "TUR"]
[BlackTeamCountry "TUR"]

1. d4 c5 2. d5 Nf6 3. c4 b5 4. Qc2 b4 5. e4 d6 6. Bd3 g6 7. a3 Bg7 8. Nf3 0-0 9. 0-0 Bg4 10. Nbd2 Na6 11. a4 Rb8 12. h3 Bxf3 13. Nxf3 b3 14. Qe2 Nb4 15. Bb1 Nd7 16. Ra3 Qa5 17. Rxb3 Na6 18. Ra3 Rb7 19. b3 Rfb8 20. Bc2 Qc3 21. Qd2 Qf6 22. Bd1 Nb4 23. Re1 Ne5 24. Nxe5 Qxe5 25. Re2 a5 26. g3 Qh5 27. Kg2 Qe5 28. Re3 Qd4 29. Qe2 Rf8 30. f4 Qf6 31. e5 Qf5 32. Re4 Qc8 33. Bb2 e6 34. dxe6 Qxe6 35. exd6 Qxd6 36. Bxg7 Kxg7 37. Re3 Rd7 38. Bc2 Qd2 39. Be4 Qc1 0-1

[Event "TUR-chT 1st League"]
[Site "Konya"]
[Date "2017.07.17"]
[Round "1.11"]
[White "Erden, Kadir"]
[Black "Arslan, Erdal"]
[Result "1-0"]
[WhiteElo "2235"]
[BlackElo "1964"]
[PlyCount "163"]
[EventDate "2017.07.17"]
[EventType "team-swiss"]
[EventRounds "9"]
[EventCountry "TUR"]
[SourceTitle "CBM 179 Extra"]
[Source "ChessBase"]
[SourceDate "2017.08.23"]
[SourceVersion "1"]
[SourceVersionDate "2017.08.23"]
[SourceQuality "1"]
[WhiteTeam "Manisa Turkuaz"]
[BlackTeam "Hatay Samandag"]
[WhiteTeamCountry "TUR"]
[BlackTeamCountry "TUR"]

1. c4 e5 2. Nc3 Nf6 3. Nf3 Nc6 4. e3 d5 5. cxd5 Nxd5 6. Bb5 Nxc3 7. bxc3 Bd6 8. d4 exd4 9. cxd4 0-0 10. 0-0 Bg4 11. h3 Bh5 12. Rb1 Qe7 13. Be2 Rab8 14. Re1 a6 15. Bd2 Rfe8 16. Bc3 h6 17. Ne5 Bxe2 18. Nxc6 Bxd1 19. Nxe7+ Rxe7 20. Rexd1 b5 21. Bb4 Bxb4 22. Rxb4 a5 23. Rb2 Rb6 24. Rc1 c6 25. Rc5 a4 26. Kf1 Ra7 27. Rb1 Kf8 28. Ke2 Ke7 29. Kd3 Kd6 30. e4 Rd7 31. f4 Kc7 32. g4 Kb7 33. e5 Kc7 34. Ke4 Rb8 35. f5 Kb6 36. Rc3 Rbd8 37. a3 Rd5 38. h4 Re8 39. Rb2 Red8 40. Rd2 Kb7 41. Rdd3 R5d7 42. g5 h5 43. Rc5 g6 44. f6 Kb6 45. Rc2 Kb7 46. Rc1 Kb6 47. Ke3 Kb7 48. Ke4 Kb6 49. Rc2 Kb7 50. Ke3 Kb6 51. Ke4 Kb7 52. Rc1 Kb6 53. Rc2 Kb7 54. Ke3 Kb6 55. Rc1 Kb7 56. Rd2 Kb6 57. Rc3 Kb7 58. Rd1 Kb6 59. Rd2 Kb7 60. Ke4 Kb6 61. Ke3 Kb7 62. Rcc2 Kb6 63. Rc1 Kb7 64. Rc3 Kb6 65. Rc5 Kb7 66. d5 cxd5 67. Rxb5+ Kc6 68. Rb4 Ra7 69. Kd4 Kd7 70. Rb6 Ke8 71. Rc2 Rda8 72. Rbc6 Rd8 73. Rc7 Rxc7 74. Rxc7 Ra8 75. Re7+ Kf8 76. Rd7 Kg8 77. e6 fxe6 78. Ke5 Ra6 79. Rg7+ Kf8 80. Rxg6 Rc6 81. Rh6 Rc3 82. g6 1-0

[Event "TUR Cup"]
[Site "Antalya"]
[Date "2017.01.29"]
[Round "2"]
[White "Arslan, Erdal"]
[Black "Baylav, Bartu"]
[Result "1-0"]
[WhiteElo "1911"]
[BlackElo "1645"]
[PlyCount "94"]
[EventDate "2017.01.28"]
[EventType "swiss"]
[EventRounds "11"]
[EventCountry "TUR"]
[SourceTitle "CBM 176 Extra"]
[Source "ChessBase"]
[SourceDate "2017.03.02"]
[SourceVersion "1"]
[SourceVersionDate "2017.03.02"]
[SourceQuality "1"]

1. c4 e5 2. Nc3 f5 3. g3 Nf6 4. Bg2 Bb4 5. Qc2 Bxc3 6. Qxc3 d6 7. d4 exd4 8. Qxd4 Nc6 9. Bxc6+ bxc6 10. Qe3+ Kf7 11. Qf3 Rb8 12. Qa3 c5 13. Qxa7 Bb7 14. f3 Re8 15. Qa5 Qe7 16. Qc3 Ne4 17. Qd3 Qe5 18. Kf1 Nf6 19. Rb1 Bc6 20. b3 Ra8 21. a4 h6 22. Bf4 Qe6 23. h4 Ng4 24. Nh3 Ne5 25. Bxe5 dxe5 26. Qe3 e4 27. f4 Reb8 28. Kf2 Rb4 29. Rhd1 Rab8 30. a5 Ba4 31. Qxc5 e3+ 32. Qxe3 Bxb3 33. Qxe6+ Kxe6 34. Rd4 c5 35. Rd5 Bxc4 36. Re5+ Kd6 37. Rc1 Ra8 38. Ng1 Rxa5 39. Rxf5 Ra2 40. Re5 Ra5 41. Nf3 Bb3 42. Nd2 Bd5 43. Re3 Ra2 44. Nf3 Bb3 45. Rec3 Kd7 46. Rxc5 Rb7 47. Re5 Bf7 1-0

[Event "TUR Cup"]
[Site "Antalya"]
[Date "2017.01.28"]
[Round "1"]
[White "Kilic, Gulseren"]
[Black "Arslan, Erdal"]
[Result "0-1"]
[WhiteElo "1469"]
[BlackElo "1911"]
[PlyCount "74"]
[EventDate "2017.01.28"]
[EventType "swiss"]
[EventRounds "11"]
[EventCountry "TUR"]
[SourceTitle "CBM 176 Extra"]
[Source "ChessBase"]
[SourceDate "2017.03.02"]
[SourceVersion "1"]
[SourceVersionDate "2017.03.02"]
[SourceQuality "1"]

1. e4 d5 2. exd5 Nf6 3. Nc3 Nxd5 4. Bc4 Nb6 5. Bb3 a5 6. a3 a4 7. Ba2 Nc6 8. h3 e5 9. d3 Bc5 10. Nf3 0-0 11. Bg5 Be7 12. Be3 Bf5 13. 0-0 Kh8 14. Ne4 Ra5 15. Nfg5 Bg6 16. Qd2 h6 17. Nf3 f5 18. Ng3 f4 19. Bxb6 cxb6 20. Ne4 Bh5 21. Kh2 Bxf3 22. gxf3 Nd4 23. Qd1 Rf5 24. Rg1 Rh5 25. Bf7 Rh4 26. Rg4 Qd7 27. Rxh4 Bxh4 28. Bh5 Qc6 29. Rc1 g6 30. Bg4 h5 31. Qh1 hxg4 32. fxg4 Ne2 33. Rf1 Qxc2 34. Qf3 Nd4 35. Qg2 f3 36. Qg1 Ne2 37. Qh1 Qxd3 0-1

[Event "Mersin op 1st"]
[Site "Mersin"]
[Date "2016.10.29"]
[Round "9"]
[White "Arslan, Erdal"]
[Black "Kizilkus, Akin"]
[Result "1-0"]
[WhiteElo "1945"]
[BlackElo "1846"]
[PlyCount "75"]
[EventDate "2016.10.23"]
[EventType "swiss"]
[EventRounds "9"]
[EventCountry "TUR"]
[SourceTitle "EXT 2018"]
[Source "ChessBase"]
[SourceDate "2017.10.13"]
[SourceVersion "1"]
[SourceVersionDate "2017.10.13"]
[SourceQuality "1"]

1. c4 Nf6 2. Nc3 g6 3. g3 Bg7 4. Bg2 0-0 5. e4 d6 6. Nge2 c5 7. 0-0 Nc6 8. d3 Bd7 9. Bd2 Qc8 10. Nf4 e5 11. Nfd5 Nxd5 12. Nxd5 Kh8 13. Rb1 f5 14. a3 Be6 15. b4 fxe4 16. dxe4 Qd7 17. Qa4 Rf7 18. Nb6 Qd8 19. Nxa8 Bxc4 20. Rfe1 b5 21. Qd1 Qxa8 22. Be3 Qf8 23. bxc5 dxc5 24. Bf1 Bxf1 25. Rxf1 a6 26. Qd5 Nd4 27. Bxd4 exd4 28. e5 Qe7 29. Qa8+ Rf8 30. Qxa6 Qxe5 31. Qxb5 Qd5 32. Rbc1 Rc8 33. Rfe1 h6 34. Re8+ Rxe8 35. Qxe8+ Kh7 36. Qb5 Bf8 37. Qc4 Qd7 38. a4 1-0

[Event "Mersin op 1st"]
[Site "Mersin"]
[Date "2016.10.27"]
[Round "6"]
[White "Asan, Elvan"]
[Black "Arslan, Erdal"]
[Result "0-1"]
[WhiteElo "1778"]
[BlackElo "1945"]
[PlyCount "138"]
[EventDate "2016.10.23"]
[EventType "swiss"]
[EventRounds "9"]
[EventCountry "TUR"]
[SourceTitle "EXT 2018"]
[Source "ChessBase"]
[SourceDate "2017.10.13"]
[SourceVersion "1"]
[SourceVersionDate "2017.10.13"]
[SourceQuality "1"]

1. e4 d5 2. exd5 Nf6 3. d4 Bg4 4. Qd3 Qxd5 5. Nc3 Qa5 6. Qb5+ Qxb5 7. Nxb5 Na6 8. c3 e6 9. h3 Bf5 10. Bf4 Nd5 11. Bh2 Kd7 12. a4 f6 13. Bc4 c6 14. Na3 Bd6 15. Bxd6 Kxd6 16. 0-0-0 Nac7 17. Nf3 g5 18. Rhe1 Nf4 19. g4 Bg6 20. h4 h6 21. h5 Bh7 22. Nd2 a6 23. Ne4+ Bxe4 24. Rxe4 b5 25. Bb3 Rae8 26. f3 Rhf8 27. c4 Kd7 28. Nc2 bxc4 29. Bxc4 Ncd5 30. Kd2 Kc7 31. b4 Rb8 32. Bxa6 Nxb4 33. Nxb4 Rxb4 34. Rc1 Rxa4 35. Bb5 Ra2+ 36. Kd1 Kb6 37. Bc4 Rb2 38. Bxe6 Nd3 39. Rc2 Nf2+ 40. Kc1 Rxc2+ 41. Kxc2 Nxe4 42. fxe4 Kc7 43. Kd3 Kd6 44. Bf5 c5 45. d5 Rb8 46. Kc4 Rb4+ 47. Kc3 Ke5 48. Bg6 Rd4 49. Bf5 Kf4 50. Kb3 Ke3 51. Kc3 Ke2 52. Bg6 Kf3 53. Bf5 Kf4 54. Kb3 Ke5 55. Kc3 Kd6 56. Bg6 Rd1 57. Kc2 Rg1 58. Bf5 Rg3 59. Kb2 c4 60. Kc2 Kc5 61. Kb2 Kb4 62. d6 Rg2+ 63. Kc1 Kc3 64. Kb1 Rd2 65. d7 Rd1+ 66. Ka2 Rd6 67. Kb1 Kd2 68. e5 fxe5 69. Kb2 e4 0-1

[Event "Mersin op 1st"]
[Site "Mersin"]
[Date "2016.10.23"]
[Round "1"]
[White "Khurtsidze, Nino"]
[Black "Arslan, Erdal"]
[Result "1-0"]
[WhiteElo "2415"]
[BlackElo "1945"]
[PlyCount "72"]
[EventDate "2016.10.23"]
[EventType "swiss"]
[EventRounds "9"]
[EventCountry "TUR"]
[SourceTitle "EXT 2018"]
[Source "ChessBase"]
[SourceDate "2017.10.13"]
[SourceVersion "1"]
[SourceVersionDate "2017.10.13"]
[SourceQuality "1"]

1. d4 c5 2. d5 Nf6 3. Nc3 Qa5 4. Bd2 b5 5. a3 Bb7 6. e4 Qb6 7. Be3 e6 8. Nf3 exd5 9. exd5 Bd6 10. Nxb5 a6 11. Nxd6+ Qxd6 12. c4 Ng4 13. Bd2 0-0 14. Be2 a5 15. 0-0 a4 16. Bc3 Ra6 17. Bd3 f5 18. h3 Nh6 19. Qc2 Qb6 20. Rfe1 Qd8 21. Re2 Rg6 22. Qxa4 Nc6 23. Rae1 Nd4 24. Bxd4 cxd4 25. Qa7 Rb6 26. c5 Rb3 27. Bc4 Rxf3 28. d6+ Kh8 29. Qxb7 Rf4 30. Re7 d3 31. Bxd3 Ng8 32. Qxd7 Qa5 33. b4 Qxa3 34. Rxg7 Nf6 35. Qe7 Qa8 36. Rf7 Rxf7 1-0

[Event "Hatay op 7th"]
[Site "Hatay"]
[Date "2016.08.28"]
[Round "2"]
[White "Arslan, Erdal"]
[Black "Firinciogullari, Gurdal"]
[Result "1-0"]
[WhiteElo "1990"]
[BlackElo "1688"]
[PlyCount "49"]
[EventDate "2016.08.27"]
[EventType "swiss"]
[EventRounds "9"]
[EventCountry "TUR"]
[SourceTitle "CBM 174 Extra"]
[Source "ChessBase"]
[SourceDate "2016.10.10"]
[SourceVersion "1"]
[SourceVersionDate "2016.10.10"]
[SourceQuality "1"]

1. c4 Nf6 2. Nc3 e6 3. d4 d5 4. Nf3 c6 5. cxd5 exd5 6. g3 Bd6 7. Bg2 Qe7 8. 0-0 0-0 9. Qd3 Ne4 10. Ne5 Nxc3 11. Qxc3 f6 12. Nd3 Qxe2 13. Re1 Qh5 14. Bf4 Bxf4 15. Nxf4 Qf7 16. Re3 Re8 17. Nxd5 Rxe3 18. Qxe3 Na6 19. Re1 Bd7 20. Qb3 Re8 21. Ne7+ Rxe7 22. Rxe7 Qxb3 23. axb3 Nb8 24. d5 Kf8 25. d6 1-0

[Event "Manavgat Turkey Cup"]
[Site "Manavgat"]
[Date "2016.02.04"]
[Round "8"]
[White "Arslan, Erdal"]
[Black "Ayazmali, Gizem"]
[Result "0-1"]
[WhiteElo "1990"]
[BlackElo "1764"]
[PlyCount "76"]
[EventDate "2016.01.30"]
[EventType "swiss"]
[EventRounds "11"]
[EventCountry "TUR"]
[SourceTitle "CBM 170 Extra"]
[Source "ChessBase"]
[SourceDate "2016.02.25"]
[SourceVersion "1"]
[SourceVersionDate "2016.02.25"]
[SourceQuality "1"]

1. c4 e5 2. Nc3 Nc6 3. g3 f5 4. Bg2 Nf6 5. d3 Bb4 6. Bd2 Bxc3 7. Bxc3 d6 8. e3 0-0 9. Ne2 Qe8 10. Qc2 a6 11. 0-0-0 Bd7 12. d4 b5 13. dxe5 dxe5 14. Rhe1 Ng4 15. Ng1 e4 16. f4 Be6 17. h3 Nf6 18. Bf1 b4 19. Bd4 a5 20. b3 a4 21. Bb2 axb3 22. axb3 Qb8 23. Ne2 Qa7 24. Nd4 Nxd4 25. exd4 c6 26. Re3 Rfc8 27. Be2 Nd5 28. Qd2 Nxe3 29. Qxe3 Qf7 30. g4 Ra2 31. gxf5 Bxf5 32. d5 cxd5 33. Rg1 Rxb2 34. Kxb2 Qf6+ 35. Kc1 d4 36. Qg3 d3 37. Bd1 Qc3+ 38. Kb1 Ra8 0-1

[Event "TUR-chT2"]
[Site "Konya"]
[Date "2015.07.28"]
[Round "5.10"]
[White "Eryigit, Yakup"]
[Black "Arslan, Erdal"]
[Result "1/2-1/2"]
[WhiteElo "2378"]
[BlackElo "1986"]
[PlyCount "60"]
[EventDate "2015.07.25"]
[EventType "team-swiss"]
[EventRounds "9"]
[EventCountry "TUR"]
[SourceTitle "CBM 167 Extra"]
[Source "ChessBase"]
[SourceDate "2015.09.14"]
[SourceVersion "1"]
[SourceVersionDate "2015.09.14"]
[SourceQuality "1"]
[WhiteTeam "Burdur 90 Yil"]
[BlackTeam "Hatay Samandag"]
[WhiteTeamCountry "TUR"]
[BlackTeamCountry "TUR"]

1. e4 d5 2. exd5 Nf6 3. Bb5+ Bd7 4. Be2 Nxd5 5. d4 Nc6 6. Nf3 g6 7. c4 Nf6 8. 0-0 Bg7 9. Nc3 0-0 10. d5 Nb8 11. Qb3 Bc8 12. Be3 a5 13. h3 Na6 14. c5 Nd7 15. Na4 Ne5 16. Rfd1 Qe8 17. Nxe5 Bxe5 18. Bb5 Bd7 19. Bxd7 Qxd7 20. a3 Qf5 21. Rac1 Rab8 22. Qb5 Qc8 23. Qe2 Re8 24. Bd2 Qf5 25. Be3 Rbd8 26. Qb5 Nb8 27. Qxb7 Nd7 28. Qb5 Nf6 29. g4 Qf3 30. Qf1 Rxd5 1/2-1/2